| 000 | 01051nam a2200289 i 4500 | ||
|---|---|---|---|
| 001 | bg | ||
| 100 | 1 | _aKICZUK, Tadeusz | |
| 245 | 1 | 0 |
_aJak założyć i prowadzić małą-średnią przetwórnię owocowo-warzywną : _binformator / _cTadeusz Kiczuk ; Ministerstwo Gospodarki [et al.]. |
| 260 |
_aWarszawa : _bInstytut Maszyn Spożywczych, _c1998. |
||
| 300 |
_a304 s. ; _c21 cm. |
||
| 490 | 1 |
_aMałe firmy ; _vcz. 3 |
|
| 650 | 9 |
_aOwoce _xtechnologia |
|
| 650 | 9 |
_aPrzedsiębiorstwa małe i średnie _zPolska |
|
| 650 | 9 |
_aWarzywa _xtechnologia |
|
| 655 | _aMateriały pomocnicze dla szkół | ||
| 710 | 0 | _aMinisterstwo Gospodarki (Warszawa) | |
| 830 | _aMałe firmy ; | ||
| 015 | _aPB 2898/99 | ||
| 020 | _a8390078538 | ||
| 040 | _cBPK | ||
| 041 | 0 | _apol | |
| 080 | _a664.8/.9(438)(075.3) | ||
| 920 | _a83-900785-3-8 | ||
| 942 | _cKA | ||
| 008 | s pl f |000 0 pol | ||
| 999 |
_c35137 _d35137 |
||
| 856 |
_uhttp://koha.tu.koszalin.pl/cgi-bin/koha/opac-detail.pl?biblionumber=35137 _yKatalog online BPK |
||